01380nam a2200229Ia 4500003000400000005001700004008004000021020001500061040000700076041000800083082001600091100002300107245001500130260006900145300000900214520074700223690002800970906001100998942001201009999001701021952011201038OSt20260223101625.0210210b1971 xxu||||| |||| 00| 0 eng d a0552090042 cAL aeng a823.91 WHIL aAlan White9256406 aLong watch aLondonbCorgi Books, Division Of Transworld Publishers Ltdc1971 a126p aThe British patrol's enter a well-guarded French prison, find an old professor, get from him secret chemical knowledge that can help secure victory for the allies. Easier said than done when the countryside is crawling with German soldiers, when the citizens they depend on may be collaborators, when the leader is a private and one of the men he commands is a major and there's no love lost between them. This story opens as the patrol spills out of a farmhouse under fire, and the action and suspense build from to preventing the disloyalty of villagers, to securing a cemetery hide-out in direct sight of the Germans, to scaling the prison walls between guard's rounds, to the final clever act of bravado that gains access to the prison... aEnglish Fiction9256407 a030091 2ddccBK c81284d81284 00102ddc40708ENGaALbALd2021-02-17g5.00l0o823.91 WHILp030091r2021-02-17 00:00:00w2021-02-17yBK